[Event "Junior Online 4NCL Division 4"]
[Site "online"]
[Date "2020.08.20"]
[Round "1.201"]
[White "Vyas, Rayaan"]
[Black "Goldberg, Saul"]
[Result "1-0"]
[WhiteElo "1255"]
[BlackElo "875"]
[PlyCount "117"]
[EventDate "2020.08.20"]
[WhiteTeam "Barnet Knights C"]
[BlackTeam "Eden Primary Knights"]

1. e4 c5 2. Nf3 d6 3. Nc3 Nf6 4. Bc4 g6 5. O-O Bg7 6. d3 O-O 7. h3 Nc6 8. a3 a6
9. Be3 b5 10. Bb3 Qa5 11. Bd2 Qc7 12. Nd5 Nxd5 13. Bxd5 Bxb2 14. Ra2 Bg7 15. a4
bxa4 16. Rxa4 e6 17. Bc4 Rd8 18. Bg5 Re8 19. Be3 Nb4 20. Qd2 Rb8 21. Bxa6 Bxa6
22. Rb1 Bb5 23. Ra3 h6 24. Rab3 Qa5 25. e5 Ba4 26. R3b2 dxe5 27. c3 e4 28. dxe4
Ra8 29. cxb4 cxb4 30. Rxb4 Rac8 31. Bb6 Bc3 32. Bxa5 Bxd2 33. Nxd2 Bc6 34. Rc1
f5 35. Rbc4 fxe4 36. Rxc6 Rxc6 37. Rxc6 g5 38. Nxe4 Kf7 39. Nd6+ Ke7 40. Nxe8
Kxe8 41. Rxe6+ Kd7 42. Rxh6 Ke7 43. Rg6 Kf7 44. Rxg5 Kf6 45. Rg3 Ke6 46. h4 Kf6
47. Rh3 Kg6 48. h5+ Kg7 49. h6+ Kh7 50. g4 Kg6 51. h7 Kf6 52. h8=Q+ Ke6 53.
Rh6+ Kd5 54. Qd8+ Kc4 55. Rc6+ Kb5 56. Rb6+ Kxa5 57. Rb8+ Ka4 58. Qc7 Ka3 59.
Qa7# 1-0

[Event "Junior Online 4NCL Division 4"]
[Site "online"]
[Date "2020.08.20"]
[Round "1.202"]
[White "Querfurth Waterman, Maya"]
[Black "Laza, Andrei"]
[Result "0-1"]
[WhiteElo "850"]
[BlackElo "1292"]
[PlyCount "86"]
[EventDate "2020.08.20"]
[WhiteTeam "Eden Primary Knights"]
[BlackTeam "Barnet Knights C"]

1. e4 e5 2. Bc4 Nf6 3. Nf3 Nc6 4. Ng5 d5 5. exd5 Nxd5 6. Bxd5 Qxd5 7. O-O h6 8.
Nf3 Bg4 9. d3 Bd6 10. Be3 O-O 11. c4 Qe6 12. Qb3 Bxf3 13. c5 Qxb3 14. axb3 Bxc5
15. d4 exd4 16. Bf4 Bd5 17. Bxc7 Rfe8 18. Na3 a6 19. Rac1 Bxa3 20. bxa3 Bxb3
21. Rb1 Bc4 22. Rbc1 Bb5 23. f4 Bxf1 24. Rxf1 Re6 25. f5 Re2 26. a4 Rae8 27. f6
Re1 28. fxg7 Rxf1+ 29. Kxf1 Kxg7 30. Kf2 d3 31. Bf4 Nb4 32. Bd2 Nc2 33. g4 Re2+
34. Kf1 Rxd2 35. g5 Rd1+ 36. Kf2 Ra1 37. gxh6+ Kxh6 38. h4 d2 39. Ke2 d1=Q+ 40.
Kf2 Ra3 41. h5 Nd4 42. a5 Qc2+ 43. Ke1 Ra1# 0-1

[Event "Junior Online 4NCL Division 4"]
[Site "online"]
[Date "2020.08.20"]
[Round "1.203"]
[White "Ethelontis, Elena"]
[Black "Book, Zachery"]
[Result "1-0"]
[WhiteElo "1292"]
[BlackElo "850"]
[PlyCount "53"]
[EventDate "2020.08.20"]
[WhiteTeam "Barnet Knights C"]
[BlackTeam "Eden Primary Knights"]

1. d4 d5 2. Nf3 Nc6 3. c4 dxc4 4. e3 Bg4 5. Bxc4 a5 6. Nc3 Nf6 7. h3 Be6 8. Be2
h5 9. O-O h4 10. b3 Rh5 11. Nh2 g6 12. Bxh5 gxh5 13. Nf3 Bd7 14. Nxh4 e6 15.
Rb1 Bb4 16. Bb2 e5 17. dxe5 Nxe5 18. Nf3 Bd6 19. Nxe5 Bxe5 20. a3 Bc6 21. Qxd8+
Kxd8 22. Ne2 Ne4 23. Rfd1+ Ke7 24. Bxe5 f6 25. Bxc7 Rc8 26. Bxa5 Rg8 27. f3 1-0

[Event "Junior Online 4NCL Division 4"]
[Site "online"]
[Date "2020.08.20"]
[Round "1.204"]
[White "Lasserson, Gabriel"]
[Black "O'Donnell, Elliot"]
[Result "0-1"]
[WhiteElo "800"]
[BlackElo "1247"]
[PlyCount "82"]
[EventDate "2020.08.20"]
[WhiteTeam "Eden Primary Knights"]
[BlackTeam "Barnet Knights C"]

1. e4 c5 2. d4 cxd4 3. c3 dxc3 4. bxc3 Nc6 5. Nd2 Nf6 6. e5 Nxe5 7. f4 Nc6 8.
c4 e6 9. c5 Bxc5 10. Qc2 Qb6 11. Qb2 Bxg1 12. Rxg1 Qxg1 13. Nf3 Qc5 14. Qf2
Qxf2+ 15. Kxf2 O-O 16. Ne5 Nxe5 17. fxe5 Nd5 18. a4 f6 19. a5 fxe5+ 20. Kg1 Nf4
21. Bxf4 exf4 22. g3 fxg3 23. hxg3 d5 24. a6 b6 25. Bh3 Bd7 26. Ra3 Rf7 27. Bg2
Raf8 28. Rb3 Ba4 29. Ra3 Bb5 30. g4 Bf1 31. Bxf1 Rxf1+ 32. Kg2 R1f4 33. Kh3
Rf3+ 34. Rxf3 Rxf3+ 35. Kh4 d4 36. g5 d3 37. Kh5 d2 38. g6 hxg6+ 39. Kxg6 d1=Q
40. Kh5 Rg3+ 41. Kh4 Qg4# 0-1

[Event "Junior Online 4NCL Division 4"]
[Site "online"]
[Date "2020.08.20"]
[Round "1.205"]
[White "Goldberg, Saul"]
[Black "Vyas, Rayaan"]
[Result "0-1"]
[WhiteElo "875"]
[BlackElo "1255"]
[PlyCount "80"]
[EventDate "2020.08.20"]
[WhiteTeam "Eden Primary Knights"]
[BlackTeam "Barnet Knights C"]

1. g3 Nf6 2. Nf3 g6 3. Bg2 Bg7 4. O-O O-O 5. d4 d6 6. Nc3 c5 7. dxc5 dxc5 8.
Bf4 Nc6 9. Nb5 Nd5 10. e4 Nxf4 11. gxf4 Bxb2 12. Rb1 Bg7 13. e5 a6 14. Na3 Qxd1
15. Rbxd1 f6 16. exf6 exf6 17. Rd6 Nb4 18. Nc4 Nxc2 19. Nb6 Rb8 20. Rfd1 Bg4
21. Nd7 Bxd7 22. Rxd7 Nb4 23. Ne1 Nxa2 24. Bd5+ Kh8 25. Bxa2 Rfe8 26. Nd3 b6
27. Ra7 a5 28. Bf7 Red8 29. Nb2 Rxd1+ 30. Nxd1 f5 31. Ne3 Bh6 32. Nd5 c4 33.
Kf1 Bg7 34. Rc7 b5 35. Ke2 a4 36. Kd2 a3 37. Kc2 a2 38. Nb4 a1=Q 39. Nd5 Qa2+
40. Kd1 h5 0-1

[Event "Junior Online 4NCL Division 4"]
[Site "online"]
[Date "2020.08.20"]
[Round "1.206"]
[White "Laza, Andrei"]
[Black "Querfurth Waterman, Maya"]
[Result "1-0"]
[WhiteElo "1292"]
[BlackElo "850"]
[PlyCount "113"]
[EventDate "2020.08.20"]
[WhiteTeam "Barnet Knights C"]
[BlackTeam "Eden Primary Knights"]

1. e4 e5 2. Nf3 Bc5 3. Nc3 Nf6 4. Bc4 Ng4 5. O-O Nxf2 6. Rxf2 Bxf2+ 7. Kxf2 O-O
8. d3 c6 9. Be3 d5 10. exd5 cxd5 11. Nxd5 Be6 12. Nc3 Bxc4 13. dxc4 Qxd1 14.
Rxd1 Nc6 15. a3 Na5 16. b3 e4 17. Nxe4 Rfd8 18. Rxd8+ Rxd8 19. Ke2 b6 20. c5
bxc5 21. Bxc5 a6 22. Ne5 Re8 23. Bd6 Nb7 24. Bc7 Rc8 25. Bb6 Re8 26. Bc7 Rc8
27. Bb6 Rxc2+ 28. Nd2 Nd6 29. Kd3 Ra2 30. Ndc4 Nc8 31. Be3 Rxg2 32. Bf4 f6 33.
Nd7 g5 34. Bg3 f5 35. Be5 Ne7 36. Nb8 f4 37. Nxa6 f3 38. Ne3 Rf2 39. Bg3 Rf1
40. Nxf1 Nf5 41. Bc7 Ne7 42. b4 Nd5 43. Kd4 Nf4 44. Bxf4 gxf4 45. b5 f2 46. b6
Kf8 47. b7 Ke7 48. b8=Q f3 49. Qe5+ Kf7 50. Nc7 Kg6 51. Ke4 Kh6 52. Qf4+ Kh5
53. Ke5 h6 54. Ng3+ Kg6 55. Qf6+ Kh7 56. Nh5 Kg8 57. Qg7# 1-0

[Event "Junior Online 4NCL Division 4"]
[Site "online"]
[Date "2020.08.20"]
[Round "1.207"]
[White "Book, Zachery"]
[Black "Ethelontis, Elena"]
[Result "0-1"]
[WhiteElo "850"]
[BlackElo "1292"]
[PlyCount "48"]
[EventDate "2020.08.20"]
[WhiteTeam "Eden Primary Knights"]
[BlackTeam "Barnet Knights C"]

1. e4 e5 2. Bc4 Nf6 3. Nc3 g6 4. Nf3 d6 5. b3 Bg7 6. Ba3 O-O 7. Ne2 Nc6 8. h4
Nxe4 9. d3 Nc5 10. b4 Ne6 11. Bb2 Nxb4 12. O-O a6 13. a3 Nc6 14. d4 exd4 15.
Nfxd4 Ncxd4 16. Nxd4 Nxd4 17. c3 Nc6 18. Be2 Re8 19. Bd3 b5 20. Rc1 Qxh4 21. g3
Qh3 22. Re1 Bg4 23. Qc2 Bf3 24. Be4 Qg2# 0-1

[Event "Junior Online 4NCL Division 4"]
[Site "online"]
[Date "2020.08.20"]
[Round "1.208"]
[White "O'Donnell, Elliot"]
[Black "Lasserson, Gabriel"]
[Result "1-0"]
[WhiteElo "1247"]
[BlackElo "800"]
[PlyCount "27"]
[EventDate "2020.08.20"]
[WhiteTeam "Barnet Knights C"]
[BlackTeam "Eden Primary Knights"]

1. d4 d5 2. Bf4 e6 3. Nc3 Nc6 4. Nb5 g5 5. Bxc7 Qe7 6. Bd6 Qd8 7. Bxf8 Kxf8 8.
a3 a6 9. Nc3 Nxd4 10. Qxd4 Nf6 11. Nf3 Qd6 12. Qxf6 Rg8 13. Nxg5 d4 14. Qxf7#
1-0

[Event "Junior Online 4NCL Division 4"]
[Site "online"]
[Date "2020.08.20"]
[Round "1.211"]
[White "Kirk, Alex"]
[Black "Bogerd, Ethan"]
[Result "1-0"]
[WhiteElo "857"]
[BlackElo "1187"]
[PlyCount "47"]
[EventDate "2020.08.20"]
[WhiteTeam "Tetherdown Knights"]
[BlackTeam "Surbiton Juniors D"]

1. e4 c6 2. Nc3 d5 3. exd5 cxd5 4. Bb5+ Nc6 5. d4 Bf5 6. Nf3 e6 7. Ne5 Qc7 8.
O-O Bd6 9. Bxc6+ bxc6 10. Bf4 Bxe5 11. Bxe5 Qe7 12. Bxg7 Qg5 13. Bxh8 Bh3 14.
Qf3 Bg4 15. Qg3 f5 16. f3 Kd7 17. fxg4 fxg4 18. Rf7+ Ke8 19. Qf2 Qh6 20. Bg7
Qh5 21. Rf8+ Ke7 22. Rxa8 Nh6 23. Qf8+ Kd7 24. Qd8# 1-0

[Event "Junior Online 4NCL Division 4"]
[Site "online"]
[Date "2020.08.20"]
[Round "1.212"]
[White "Rabie, Jamie"]
[Black "Murphy, Sam"]
[Result "0-1"]
[WhiteElo "1112"]
[BlackElo "857"]
[PlyCount "58"]
[EventDate "2020.08.20"]
[WhiteTeam "Surbiton Juniors D"]
[BlackTeam "Tetherdown Knights"]

1. e4 e5 2. Nf3 Nc6 3. Nc3 Nf6 4. Bb5 d6 5. Bxc6+ bxc6 6. O-O Bg4 7. d3 Nh5 8.
Be3 Qf6 9. Qe2 Nf4 10. Bxf4 Qxf4 11. Rad1 Bxf3 12. gxf3 Qg5+ 13. Kh1 Be7 14.
Rg1 Qf6 15. Rg4 h5 16. Rgg1 Rb8 17. b3 h4 18. h3 Rh6 19. Qe3 a6 20. Qa7 Rc8 21.
Qxa6 Kd7 22. Na4 Rh7 23. Nb2 Qe6 24. Kh2 Rh6 25. Nc4 Rf6 26. Kg2 Rg6+ 27. Kh2
Bg5 28. Na5 Bf4+ 29. Kh1 Qxh3# 0-1

[Event "Junior Online 4NCL Division 4"]
[Site "online"]
[Date "2020.08.20"]
[Round "1.213"]
[White "Keane, Moss"]
[Black "Rosenthal, George"]
[Result "0-1"]
[WhiteElo "737"]
[BlackElo "1075"]
[PlyCount "42"]
[EventDate "2020.08.20"]
[WhiteTeam "Tetherdown Knights"]
[BlackTeam "Surbiton Juniors D"]

1. e4 e5 2. Nf3 Nc6 3. Nc3 Nf6 4. Bc4 Nxe4 5. Nxe4 d5 6. Bxd5 Qxd5 7. Nc3 Qd7
8. O-O Qd6 9. Re1 Bg4 10. Qe2 Nd4 11. Qe4 Nxf3+ 12. gxf3 Bc8 13. Nd5 Bh3 14.
Ne3 O-O-O 15. Nc4 Qg6+ 16. Qxg6 hxg6 17. Nxe5 Bd6 18. Nxf7 Rde8 19. Rxe8+ Rxe8
20. Ne5 Rxe5 21. d4 Re1# 0-1

[Event "Junior Online 4NCL Division 4"]
[Site "online"]
[Date "2020.08.20"]
[Round "1.214"]
[White "Connolly-Eich, Bruno"]
[Black "Cartwright, Ethan"]
[Result "0-1"]
[WhiteElo "1150"]
[BlackElo "800"]
[PlyCount "48"]
[EventDate "2020.08.20"]
[WhiteTeam "Surbiton Juniors D"]
[BlackTeam "Tetherdown Knights"]

1. e4 e5 2. Nf3 Nc6 3. Bc4 Nf6 4. d3 Bc5 5. O-O O-O 6. Nc3 d6 7. b3 Bg4 8. Bb2
Bxf3 9. Qxf3 Nd4 10. Qd1 c6 11. Re1 Bb4 12. a3 Bxc3 13. Bxc3 b5 14. Bxd4 exd4
15. Bxb5 cxb5 16. c4 dxc3 17. Qc2 Rc8 18. a4 b4 19. a5 Nd7 20. Ra4 Nc5 21. Rxb4
Qxa5 22. Qxc3 Na6 23. Rc4 Qxc3 24. Rxc3 Rxc3 0-1

[Event "Junior Online 4NCL Division 4"]
[Site "online"]
[Date "2020.08.20"]
[Round "1.215"]
[White "Bogerd, Ethan"]
[Black "Kirk, Alex"]
[Result "0-1"]
[WhiteElo "1187"]
[BlackElo "857"]
[PlyCount "124"]
[EventDate "2020.08.20"]
[WhiteTeam "Surbiton Juniors D"]
[BlackTeam "Tetherdown Knights"]

1. d4 d5 2. Nf3 Nc6 3. Bf4 Bf5 4. e3 Nb4 5. Bd3 Nxd3+ 6. cxd3 e6 7. O-O Bd6 8.
Bxd6 Qxd6 9. Nc3 Nf6 10. Re1 O-O 11. Rc1 Rfe8 12. a4 Rad8 13. Nb5 Qb4 14. Rxc7
Qxb2 15. Re2 Qb4 16. Rxb7 Rb8 17. Rxa7 Bg4 18. h3 Bxf3 19. gxf3 e5 20. Rc2 exd4
21. exd4 Re1+ 22. Qxe1 Qxe1+ 23. Kg2 g6 24. Rcc7 Rf8 25. Nd6 Qb4 26. Nxf7 Qd2
27. h4 Qxd3 28. Ng5 Qxd4 29. Ne6 Qxh4 30. Nxf8 Kxf8 31. Rf7+ Kg8 32. Rfb7 Qg5+
33. Kf1 Qc1+ 34. Ke2 Qc8 35. Ke3 Qd8 36. Kd4 h5 37. Ke5 d4 38. Rg7+ Kh8 39.
Rgf7 d3 40. Rxf6 d2 41. Raf7 d1=Q 42. Rf8+ Qxf8 43. Rxf8+ Kg7 44. Rf4 Qe1+ 45.
Re4 Qxf2 46. a5 Qc5+ 47. Kf4 Qf5+ 48. Ke3 Qxa5 49. Kd3 Qf5 50. Kd4 Qxf3 51. Ke5
Qf5+ 52. Kd4 g5 53. Kd3 g4 54. Kd4 g3 55. Ke3 Qf2+ 56. Kd3 g2 57. Kc4 g1=Q 58.
Kd5 Qd1+ 59. Ke5 Qdf3 60. Kd5 Qf5+ 61. Kd6 Qb6+ 62. Ke7 Qf7# 0-1

[Event "Junior Online 4NCL Division 4"]
[Site "online"]
[Date "2020.08.20"]
[Round "1.216"]
[White "Murphy, Sam"]
[Black "Rabie, Jamie"]
[Result "0-1"]
[WhiteElo "857"]
[BlackElo "1112"]
[PlyCount "90"]
[EventDate "2020.08.20"]
[WhiteTeam "Tetherdown Knights"]
[BlackTeam "Surbiton Juniors D"]

1. d4 d5 2. c4 e6 3. Nc3 Nc6 4. Bf4 Nxd4 5. Qxd4 Nf6 6. cxd5 exd5 7. Qe5+ Be7
8. Qxc7 Qxc7 9. Bxc7 O-O 10. O-O-O Ne4 11. Nxe4 dxe4 12. f3 exf3 13. Nxf3 Bg4
14. Rd7 Bg5+ 15. Nxg5 Bxd7 16. h4 h6 17. Nf3 Rac8 18. Ne5 Bc6 19. Nd7 Bxd7 20.
Kb1 Rxc7 21. e3 Bf5+ 22. Bd3 Bxd3+ 23. Ka1 Re7 24. Re1 Rfe8 25. b3 Rxe3 26. Rc1
Re1 27. Rxe1 Rxe1+ 28. Kb2 Be4 29. Kc3 Bxg2 30. Kc4 Ra1 31. a4 a6 32. b4 Rxa4
33. Kc5 a5 34. b5 Rxh4 35. Kb6 a4 36. Kc7 a3 37. b6 a2 38. Kb8 a1=Q 39. Kc7
Qc1+ 40. Kb8 Qf4+ 41. Ka7 Qa4+ 42. Kb8 Rh5 43. Kc7 Rc5+ 44. Kb8 Qe8+ 45. Ka7
Ra5# 0-1

[Event "Junior Online 4NCL Division 4"]
[Site "online"]
[Date "2020.08.20"]
[Round "1.217"]
[White "Rosenthal, George"]
[Black "Keane, Moss"]
[Result "1-0"]
[WhiteElo "1075"]
[BlackElo "737"]
[PlyCount "43"]
[EventDate "2020.08.20"]
[WhiteTeam "Surbiton Juniors D"]
[BlackTeam "Tetherdown Knights"]

1. e4 e5 2. Nf3 Nc6 3. Bc4 Nf6 4. Ng5 Bc5 5. O-O O-O 6. Nc3 Nd5 7. Nxd5 Qxg5 8.
Nxc7 Rb8 9. d4 Bxd4 10. Bxg5 Bxb2 11. Rb1 Bd4 12. Nb5 a6 13. Nxd4 Nxd4 14. Bf4
b5 15. Bxe5 bxc4 16. Rxb8 Bb7 17. Rxb7 Nc6 18. Bd4 Nxd4 19. Qxd4 Re8 20. Rxd7
Rc8 21. Rd8+ Rxd8 22. Qxd8# 1-0

[Event "Junior Online 4NCL Division 4"]
[Site "online"]
[Date "2020.08.20"]
[Round "1.218"]
[White "Cartwright, Ethan"]
[Black "Connolly-Eich, Bruno"]
[Result "1-0"]
[WhiteElo "800"]
[BlackElo "1150"]
[PlyCount "29"]
[EventDate "2020.08.20"]
[WhiteTeam "Tetherdown Knights"]
[BlackTeam "Surbiton Juniors D"]

1. e4 e6 2. Nf3 Bd6 3. Bc4 Nf6 4. Nc3 Nc6 5. d3 O-O 6. Bg5 b6 7. Bxf6 Qxf6 8.
O-O Qf5 9. exf5 Be5 10. fxe6 dxe6 11. Nb5 Ba6 12. Nxe5 Nxe5 13. Nxc7 Bxc4 14.
Nxa8 Ba6 15. Nc7 1-0

[Event "Junior Online 4NCL Division 4"]
[Site "online"]
[Date "2020.08.20"]
[Round "1.221"]
[White "Bryant, Harry"]
[Black "Wan, Qiao"]
[Result "1-0"]
[WhiteElo "1330"]
[BlackElo "1052"]
[PlyCount "29"]
[EventDate "2020.08.20"]
[WhiteTeam "JHJ 5"]
[BlackTeam "Cambridge Chess & Go C"]

1. e4 e5 2. Nf3 Nc6 3. d4 Nf6 4. dxe5 Bb4+ 5. c3 Nxe4 6. cxb4 Nxb4 7. Bc4 O-O
8. a3 Nc6 9. Bd3 Ng5 10. Nxg5 Nxe5 11. Bc2 Re8 12. O-O Nc6 13. Qh5 Qe7 14.
Qxh7+ Kf8 15. Qh8# 1-0

[Event "Junior Online 4NCL Division 4"]
[Site "online"]
[Date "2020.08.20"]
[Round "1.222"]
[White "Syposz, Iza"]
[Black "Zhao, George"]
[Result "0-1"]
[WhiteElo "1007"]
[BlackElo "1330"]
[PlyCount "38"]
[EventDate "2020.08.20"]
[WhiteTeam "Cambridge Chess & Go C"]
[BlackTeam "JHJ 5"]

1. e4 e6 2. Nf3 d5 3. exd5 exd5 4. Bd3 Nf6 5. O-O Be7 6. Nc3 O-O 7. b3 Bg4 8.
Nb5 c6 9. Nbd4 Bc5 10. Qe1 Re8 11. Qd1 Bxd4 12. Re1 Rxe1+ 13. Qxe1 Bxa1 14. Ne5
Bxe5 15. Qxe5 Nbd7 16. Qe1 Qe8 17. c4 Qxe1+ 18. Bf1 Be2 19. g3 Qxf1# 0-1

[Event "Junior Online 4NCL Division 4"]
[Site "online"]
[Date "2020.08.20"]
[Round "1.223"]
[White "Nilim, Armaan"]
[Black "Wang, Xiyuan"]
[Result "1-0"]
[WhiteElo "1285"]
[BlackElo "1000"]
[PlyCount "39"]
[EventDate "2020.08.20"]
[WhiteTeam "JHJ 5"]
[BlackTeam "Cambridge Chess & Go C"]

1. e4 e5 2. Bc4 b5 3. Bxb5 c6 4. Bc4 d5 5. exd5 cxd5 6. Bb3 a5 7. Qf3 e4 8. Qh5
g6 9. Qe5+ Be7 10. Qxh8 Bf8 11. Qxg8 Kd7 12. Qxf7+ Be7 13. Qxd5+ Bd6 14. Qxa8
Nc6 15. Ba4 e3 16. Qxc6+ Ke6 17. Bb3+ Ke7 18. fxe3 Be5 19. Qe4 Qd6 20. Nf3 1-0

[Event "Junior Online 4NCL Division 4"]
[Site "online"]
[Date "2020.08.20"]
[Round "1.224"]
[White "Soni, Raghhav"]
[Black "Hanache, Kai"]
[Result "0-1"]
[WhiteElo "762"]
[BlackElo "1240"]
[PlyCount "20"]
[EventDate "2020.08.20"]
[WhiteTeam "Cambridge Chess & Go C"]
[BlackTeam "JHJ 5"]

1. e4 c6 2. Nc3 d5 3. exd5 cxd5 4. Nxd5 Qxd5 5. Nf3 Nc6 6. Bc4 Qxc4 7. Ne5 Nxe5
8. Qe2 Qc7 9. d4 Ng6 10. Qd3 Bd7 0-1

[Event "Junior Online 4NCL Division 4"]
[Site "online"]
[Date "2020.08.20"]
[Round "1.225"]
[White "Wan, Qiao"]
[Black "Bryant, Harry"]
[Result "0-1"]
[WhiteElo "1052"]
[BlackElo "1330"]
[PlyCount "112"]
[EventDate "2020.08.20"]
[WhiteTeam "Cambridge Chess & Go C"]
[BlackTeam "JHJ 5"]

1. e4 e5 2. Nf3 Nc6 3. Nc3 Nf6 4. Bc4 Bc5 5. d3 h6 6. O-O Ng4 7. Re1 Bxf2+ 8.
Kh1 Bxe1 9. Qxe1 Nd4 10. Nxd4 exd4 11. Qf1 Qh4 12. Qxf7+ Kd8 13. Kg1 Qxh2+ 14.
Kf1 Qh1+ 15. Ke2 Qxg2+ 16. Kd1 Ne3+ 17. Ke1 Nxc2+ 18. Kd1 Ne3+ 19. Ke1 Qg1+ 20.
Ke2 dxc3 21. bxc3 Nc2 22. Rb1 Qe1+ 23. Kf3 Qf1+ 24. Kg4 Qxf7 25. Bxf7 Rf8 26.
Bd5 Ne1 27. Ba3 Rf6 28. Rxe1 c6 29. Bb3 d5+ 30. Kg3 dxe4 31. dxe4 h5 32. e5
Rg6+ 33. Kf3 h4 34. Bf7 Rg3+ 35. Kf2 Rxc3 36. Bb4 Rg3 37. Re3 Rxe3 38. Kxe3 h3
39. Bh5 h2 40. Bf3 Bg4 41. Bxg4 h1=Q 42. e6 Ke8 43. Bf5 Qg1+ 44. Kf3 Qf1+ 45.
Kg4 Qg2+ 46. Kf4 Qxa2 47. Bg6+ Kd8 48. Kf5 Qd5+ 49. Kf4 Qxe6 50. Bf5 Qc4+ 51.
Kg5 Qxb4 52. Kg6 Qe7 53. Kh7 Qh4+ 54. Kg8 Qf6 55. Bc2 Qh6 56. Bb3 Ke7# 0-1

[Event "Junior Online 4NCL Division 4"]
[Site "online"]
[Date "2020.08.20"]
[Round "1.226"]
[White "Zhao, George"]
[Black "Syposz, Iza"]
[Result "1-0"]
[WhiteElo "1330"]
[BlackElo "1007"]
[PlyCount "105"]
[EventDate "2020.08.20"]
[WhiteTeam "JHJ 5"]
[BlackTeam "Cambridge Chess & Go C"]

1. b3 e5 2. Bb2 Nf6 3. Bxe5 Be7 4. Nf3 O-O 5. e3 Nc6 6. Bb2 d5 7. Be2 Bg4 8.
O-O Bxf3 9. Bxf3 Ne5 10. Bxe5 c6 11. Bg4 Nxg4 12. Qxg4 Bf6 13. Bxf6 Qxf6 14.
Nc3 d4 15. Qxd4 Qxd4 16. exd4 Rad8 17. Ne2 b6 18. c3 c5 19. dxc5 bxc5 20. Rfd1
a5 21. d4 cxd4 22. Rxd4 f5 23. Rxd8 Rxd8 24. Nd4 f4 25. Ne6 Re8 26. Nxf4 Re4
27. Nd5 a4 28. bxa4 Rxa4 29. Nb6 Ra6 30. Nd7 Rd6 31. Ne5 Kf8 32. f4 Rf6 33.
Nd7+ Kf7 34. Nxf6 Kxf6 35. a4 Ke7 36. a5 Kd7 37. a6 Kc7 38. a7 Kb7 39. a8=Q+
Kc7 40. Ra7+ Kd6 41. Rxg7 Ke6 42. Rxh7 Kf5 43. Qf8+ Ke4 44. Re7+ Kd5 45. Qd8+
Kc4 46. Rc7+ Kb3 47. Qb8+ Kc2 48. c4 Kc3 49. f5 Kd4 50. f6 Ke5 51. f7 Kf6 52.
f8=Q+ Ke6 53. Re7# 1-0

[Event "Junior Online 4NCL Division 4"]
[Site "online"]
[Date "2020.08.20"]
[Round "1.227"]
[White "Wang, Xiyuan"]
[Black "Nilim, Armaan"]
[Result "0-1"]
[WhiteElo "1000"]
[BlackElo "1285"]
[PlyCount "22"]
[EventDate "2020.08.20"]
[WhiteTeam "Cambridge Chess & Go C"]
[BlackTeam "JHJ 5"]

1. d4 c5 2. c3 Nc6 3. e3 cxd4 4. exd4 d5 5. Nf3 Nf6 6. Bb5 Qb6 7. a4 a6 8. Bd3
Bd7 9. Ne5 Nxe5 10. dxe5 Ng4 11. f4 Qf2# 0-1

[Event "Junior Online 4NCL Division 4"]
[Site "online"]
[Date "2020.08.20"]
[Round "1.228"]
[White "Hanache, Kai"]
[Black "Soni, Raghhav"]
[Result "1-0"]
[WhiteElo "1240"]
[BlackElo "762"]
[PlyCount "45"]
[EventDate "2020.08.20"]
[WhiteTeam "JHJ 5"]
[BlackTeam "Cambridge Chess & Go C"]

1. e4 e5 2. Nf3 Nc6 3. Bc4 d6 4. Nc3 Nf6 5. d3 Be7 6. O-O O-O 7. Be3 Bg4 8. h3
Bc8 9. Ng5 h6 10. Nf3 Nb4 11. a3 Nc6 12. d4 Na5 13. dxe5 Nxc4 14. exf6 Bxf6 15.
Bd4 Nxb2 16. Bxf6 gxf6 17. Qc1 Nd3 18. cxd3 c6 19. Qxh6 Re8 20. Ne2 Re6 21. Ng3
b6 22. Nf5 Ba6 23. Qg7# 1-0

[Event "Junior Online 4NCL Division 4"]
[Site "online"]
[Date "2020.08.20"]
[Round "1.231"]
[White "Payne, Luca"]
[Black "Karanam, Guha Saran"]
[Result "1/2-1/2"]
[WhiteElo "1007"]
[BlackElo "1412"]
[PlyCount "126"]
[EventDate "2020.08.20"]
[WhiteTeam "The Hall 3"]
[BlackTeam "Colchester Juniors B"]

1. e4 d5 2. exd5 Nf6 3. Nc3 Nxd5 4. Nxd5 Qxd5 5. Nf3 Bg4 6. Be2 Nc6 7. Nd4 Bxe2
8. Nxe2 Qxg2 9. Rg1 Qxh2 10. d3 O-O-O 11. Bf4 Qh3 12. Rg3 Qe6 13. Qd2 Nd4 14.
Re3 Qg6 15. Qa5 Nxc2+ 16. Kd2 b6 17. Qxa7 Qc6 18. Rc1 e6 19. Rxc2 Bb4+ 20. Kd1
Qh1+ 21. Ng1 Qxg1+ 22. Ke2 Qg4+ 23. Rf3 Kd7 24. Rxc7+ Ke8 25. Rxf7 Qh5 26. Rxg7
Rxd3 27. Kxd3 Qxf3+ 28. Be3 Qf5+ 29. Ke2 Qb5+ 30. Kf3 Qd5+ 31. Kg3 Bd6+ 32. Bf4
Qd3+ 33. f3 Bxf4+ 34. Kxf4 Qd4+ 35. Kg3 Qe5+ 36. f4 Qe3+ 37. Kg4 Qe2+ 38. Kg5
Qg2+ 39. Kf6 Rf8+ 40. Kxe6 Qe2+ 41. Kd6 Qd2+ 42. Kc7 Qd8+ 43. Kc6 Rf6+ 44. Kb7
Qd5+ 45. Ka6 Qc4+ 46. Kb7 Qc6+ 47. Kb8 Qd6+ 48. Qc7 Qd8+ 49. Qxd8+ Kxd8 50.
Rxh7 Rxf4 51. Kb7 Rb4 52. b3 Rb5 53. Rh6 Ra5 54. a4 b5 55. Ra6 Rxa6 56. Kxa6
bxa4 57. bxa4 Kc8 58. a5 Kb8 59. Kb6 Ka8 60. a6 Kb8 61. Kc6 Ka8 62. Kc7 Ka7 63.
Kc6 Kxa6 1/2-1/2

[Event "Junior Online 4NCL Division 4"]
[Site "online"]
[Date "2020.08.20"]
[Round "1.232"]
[White "Chung, Vince"]
[Black "O'Connor, Caolon"]
[Result "0-1"]
[WhiteElo "1352"]
[BlackElo "1075"]
[PlyCount "54"]
[EventDate "2020.08.20"]
[WhiteTeam "Colchester Juniors B"]
[BlackTeam "The Hall 3"]

1. d4 d5 2. c4 dxc4 3. e4 e6 4. Bxc4 Nc6 5. Nf3 Bb4+ 6. Nc3 Bxc3+ 7. bxc3 Nf6
8. Bd3 a6 9. Be3 O-O 10. O-O Ne7 11. Qc2 Nd7 12. e5 Ng6 13. Bxg6 fxg6 14. Bg5
Qe8 15. Rfe1 b5 16. d5 exd5 17. e6 Nb6 18. e7 Rf7 19. Re2 Bb7 20. Rae1 Nc8 21.
Qb2 d4 22. Nxd4 h6 23. Bd2 Nxe7 24. Qa3 Qd8 25. Rxe7 Rxe7 26. Rxe7 Qd5 27. Rxc7
Qxg2# 0-1

[Event "Junior Online 4NCL Division 4"]
[Site "online"]
[Date "2020.08.20"]
[Round "1.233"]
[White "Bahl, Arkin"]
[Black "Salkauskas, Deimantas"]
[Result "0-1"]
[WhiteElo "1022"]
[BlackElo "947"]
[PlyCount "78"]
[EventDate "2020.08.20"]
[WhiteTeam "The Hall 3"]
[BlackTeam "Colchester Juniors B"]

1. e4 e5 2. Nf3 Nc6 3. Bc4 Bc5 4. Nc3 h6 5. O-O Nf6 6. d3 Ng4 7. Nd5 d6 8. h3
h5 9. Bg5 f6 10. Bh4 Nh6 11. Ne3 g5 12. Bg3 h4 13. Bh2 g4 14. Kh1 gxf3 15. Qxf3
a6 16. Qh5+ Ke7 17. Nf5+ Bxf5 18. exf5 Qe8 19. Qxh4 Nxf5 20. Qg4 Qh5 21. Qe4
Na5 22. Bd5 c6 23. Bb3 Nxb3 24. cxb3 Nd4 25. Bg3 Qf5 26. Qxf5 Nxf5 27. Bh2 Rh7
28. Rfe1 Bxf2 29. Re4 Bg3 30. Bxg3 Nxg3+ 31. Kh2 Nxe4 32. Re1 Ng5 33. Rc1 Rah8
34. Kg1 Rg8 35. Rc4 Nxh3+ 36. Kf1 Nf4 37. Rb4 b5 38. a4 Rxg2 39. axb5 Rh1# 0-1

[Event "Junior Online 4NCL Division 4"]
[Site "online"]
[Date "2020.08.20"]
[Round "1.234"]
[White "Rida, Ruqayyah"]
[Black "Litvin, Theo"]
[Result "1/2-1/2"]
[WhiteElo "790"]
[BlackElo "760"]
[PlyCount "117"]
[EventDate "2020.08.20"]
[WhiteTeam "Colchester Juniors B"]
[BlackTeam "The Hall 3"]

1. e4 e5 2. Nf3 Nc6 3. Bc4 Bc5 4. Nc3 Nf6 5. d3 Ng4 6. O-O d6 7. h3 Nxf2 8.
Rxf2 Bxf2+ 9. Kxf2 O-O 10. Be3 Be6 11. Bb3 Qf6 12. Kg1 Qg6 13. Kh2 Qh5 14. Nb5
Rfc8 15. Bxe6 fxe6 16. Ng5 Qxd1 17. Rxd1 a6 18. Nc3 Rf8 19. Nxe6 Rfc8 20. Nd5
Nd8 21. Ne7+ Kf7 22. Nxc8 Kxe6 23. Na7 c5 24. b4 Rxa7 25. bxc5 dxc5 26. Bxc5
Ra8 27. Rf1 Rc8 28. Bb6 Rxc2 29. Bxd8 Rxa2 30. Rb1 b5 31. Bb6 Kd6 32. Kg3 Kc6
33. Be3 Kd6 34. d4 Ke6 35. dxe5 Kxe5 36. Kf3 Ke6 37. Bd4 Kf7 38. g4 Kg6 39. Kf4
Kf7 40. e5 Ke6 41. h4 Ra4 42. Ke4 b4 43. h5 h6 44. Kd3 a5 45. Kc4 Ra3 46. Rb3
Ra2 47. Kb5 Rg2 48. Kxa5 Rxg4 49. Rxb4 Rh4 50. Rb6+ Kf7 51. e6+ Ke7 52. Bxg7
Rxh5+ 53. Ka6 Rh4 54. Bc3 Re4 55. Bb4+ Kf6 56. e7+ Kf7 57. Rxh6 Rxb4 58. Rh7+
Ke8 59. Ka5 1/2-1/2